<?xml version="1.0" encoding="UTF-8"?><?xml-stylesheet type="text/xsl" href="static/style.xsl"?><OAI-PMH xmlns="http://www.openarchives.org/OAI/2.0/" xmlns:xsi="http://www.w3.org/2001/XMLSchema-instance" xsi:schemaLocation="http://www.openarchives.org/OAI/2.0/ http://www.openarchives.org/OAI/2.0/OAI-PMH.xsd"><responseDate>2026-04-14T18:32:29Z</responseDate><request verb="GetRecord" identifier="oai:uvadoc.uva.es:10324/34367" metadataPrefix="marc">https://uvadoc.uva.es/oai/request</request><GetRecord><record><header><identifier>oai:uvadoc.uva.es:10324/34367</identifier><datestamp>2021-06-29T21:27:25Z</datestamp><setSpec>com_10324_38</setSpec><setSpec>col_10324_852</setSpec></header><metadata><record xmlns="http://www.loc.gov/MARC21/slim" xmlns:doc="http://www.lyncode.com/xoai" xmlns:xsi="http://www.w3.org/2001/XMLSchema-instance" xmlns:dcterms="http://purl.org/dc/terms/" xsi:schemaLocation="http://www.loc.gov/MARC21/slim http://www.loc.gov/standards/marcxml/schema/MARC21slim.xsd">
<leader>00925njm 22002777a 4500</leader>
<datafield tag="042" ind1=" " ind2=" ">
<subfield code="a">dc</subfield>
</datafield>
<datafield tag="720" ind1=" " ind2=" ">
<subfield code="a">Rodríguez Revilla, Virginia</subfield>
<subfield code="e">author</subfield>
</datafield>
<datafield tag="260" ind1=" " ind2=" ">
<subfield code="c">2018</subfield>
</datafield>
<datafield tag="520" ind1=" " ind2=" ">
<subfield code="a">En el presente trabajo se pasa revista y se aplican diferentes modelos de&#xd;
valoración de empresas a Amazon como empresa prototipo del sector del&#xd;
nuevo comercio caracterizado por el uso intensivo en tecnologías de la&#xd;
información. Como conclusión observamos que los métodos de valoración por&#xd;
múltiplos o basados en la cuenta de resultados son los que más se aproximan&#xd;
al valor actual de Amazon a fecha de cierre de 2016, aunque el método de&#xd;
descuento de flujos (DFC) se revela como el más adecuado desde el punto de&#xd;
vista académico para estimar el valor intrínseco o teórico de la sociedad.</subfield>
</datafield>
<datafield tag="520" ind1=" " ind2=" ">
<subfield code="a">In this work I will revise and apply different firm valuation models to Amazon.&#xd;
This firm is one the most suitable and representative firms of ecommerce&#xd;
industry and it is characterized by the intensive use of information technologies.&#xd;
We conclude that the based results methods are able to approach more closely&#xd;
the actual value of Amazon at the end of 2016. However, the Discount Cash&#xd;
Flow (DCF) Method is the most academically correct to estimate the intrinsic&#xd;
value of the firm.</subfield>
</datafield>
<datafield tag="024" ind2=" " ind1="8">
<subfield code="a">http://uvadoc.uva.es/handle/10324/34367</subfield>
</datafield>
<datafield ind1=" " ind2=" " tag="653">
<subfield code="a">Empresas - Análisis financiero</subfield>
</datafield>
<datafield ind1=" " ind2=" " tag="653">
<subfield code="a">Comercio electrónico</subfield>
</datafield>
<datafield tag="245" ind1="0" ind2="0">
<subfield code="a">Valoración de empresas del sector tecnológico: el caso de Amazon</subfield>
</datafield>
</record></metadata></record></GetRecord></OAI-PMH>